[Event "Krefeld Easter op"]
[Site "Krefeld"]
[Date "2025.04.21"]
[Round "8"]
[White "Schmermbeck, Tim"]
[Black "Retzsch, Tim"]
[Result "1/2-1/2"]
[WhiteElo "1745"]
[BlackElo "1786"]
[PlyCount "43"]
[EventDate "2025.04.17"]
[EventType "swiss"]
[EventRounds "9"]
[EventCountry "GER"]
[SourceTitle "CB17_2025"]
[SourceDate "2025.04.23"]
[SourceVersion "1"]
[SourceVersionDate "2025.04.23"]
[SourceQuality "1"]

1. d4 e6 2. e3 b6 3. b3 Bb7 4. Nc3 Bb4 5. Bb2 f5 6. a3 Bxc3+ 7. Bxc3 Nf6 8. f3 Nd5 9. Bd2 0-0 10. c4 Nf6 11. Bd3 Nh5 12. Nh3 d6 13. 0-0 Nf6 14. Nf2 Qe7 15. Qc2 Nbd7 16. Rae1 Rac8 17. e4 fxe4 18. fxe4 e5 19. d5 c6 20. Qb1 Rc7 21. Bg5 Qe8 22. Qd1 1/2-1/2

[Event "Krefeld Easter op"]
[Site "Krefeld"]
[Date "2025.04.20"]
[Round "6"]
[White "Jusic, Ahmed"]
[Black "Retzsch, Tim"]
[Result "0-1"]
[WhiteElo "1703"]
[BlackElo "1786"]
[PlyCount "84"]
[EventDate "2025.04.17"]
[EventType "swiss"]
[EventRounds "9"]
[EventCountry "GER"]
[SourceTitle "CB17_2025"]
[SourceDate "2025.04.23"]
[SourceVersion "1"]
[SourceVersionDate "2025.04.23"]
[SourceQuality "1"]

1. e4 c5 2. Nf3 e6 3. d4 cxd4 4. Nxd4 Nc6 5. Nc3 Qc7 6. Be2 a6 7. 0-0 Nf6 8. Bg5 Be7 9. Nxc6 dxc6 10. Qd2 0-0 11. Rad1 e5 12. h3 Be6 13. Qe3 h6 14. Bh4 g5 15. Bg3 Kg7 16. h4 Nd7 17. h5 b5 18. b3 Qb8 19. Nb1 Bc5 20. Qc3 b4 21. Qb2 f6 22. c3 a5 23. cxb4 axb4 24. Nd2 Qa7 25. Bc4 Bg4 26. Nf3 Qxa2 27. Qc1 Rfd8 28. Rd2 Qa7 29. Rfd1 Bxf3 30. gxf3 Bd4 31. f4 c5 32. fxe5 Nxe5 33. Bxe5 fxe5 34. Kg2 Rf8 35. f3 Qe7 36. Rd3 Qf6 37. Qd2 Ra3 38. Bd5 Qe7 39. Qe2 g4 40. Rf1 Qh4 41. fxg4 Rxf1 42. Qxf1 Ra2+ 0-1

[Event "Krefeld Easter op"]
[Site "Krefeld"]
[Date "2025.04.20"]
[Round "7"]
[White "Retzsch, Tim"]
[Black "Gieseler, Felix"]
[Result "0-1"]
[WhiteElo "1786"]
[BlackElo "1976"]
[PlyCount "80"]
[EventDate "2025.04.17"]
[EventType "swiss"]
[EventRounds "9"]
[EventCountry "GER"]
[SourceTitle "CB17_2025"]
[SourceDate "2025.04.23"]
[SourceVersion "1"]
[SourceVersionDate "2025.04.23"]
[SourceQuality "1"]

1. e4 e5 2. Nf3 Nc6 3. Bc4 Bc5 4. c3 Nf6 5. d3 d6 6. Nbd2 a6 7. Bb3 0-0 8. 0-0 Be6 9. Bc2 Ba7 10. h3 h6 11. Re1 Re8 12. Nf1 d5 13. exd5 Bxd5 14. Be3 e4 15. dxe4 Bxe4 16. Bxa7 Qxd1 17. Bxd1 Nxa7 18. Bb3 Bxf3 19. gxf3 Nc6 20. Ng3 Ne5 21. Kg2 Nd3 22. Rxe8+ Rxe8 23. Rd1 Ne1+ 24. Kf1 Nxf3 25. Kg2 Ng5 26. Rd2 g6 27. h4 Ne6 28. Kf3 Rd8 29. Rxd8+ Nxd8 30. Ne4 Nxe4 31. Kxe4 Kg7 32. f4 Kf6 33. a4 Ne6 34. Bc2 Ng7 35. Kf3 Nf5 36. Be4 b6 37. Bxf5 Kxf5 38. b4 b5 39. a5 f6 40. c4 c6 0-1